Euro 2020: Liste 26 - Belgique - Statistiques

Statistiques générales
  • Ce quiz a été pris 448 fois
  • Le résultat moyen est 22 sur 27
Statistiques - réponses
Poste Club Joueur % Correct
G Real Madrid Thibaut Courtois
100%
A Real Madrid Eden Hazard
97%
A Inter Milan Romelu Lukaku
97%
M Borussia Dortmund Thorgan Hazard
97%
M Manchester City Kevin De Bruyne
96%
A SSC Naples Dries Mertens
93%
D Benfica Lisbonne Jan Vertonghen
90%
G Club Bruges Simon Mignolet
89%
A Stade Rennais Jérémy Doku
88%
D Borussia Dortmund Thomas Meunier
88%
M Leicester Youri Tielemans
87%
M Borussia Dortmund Axel Witsel
86%
D Lyon Jason Denayer
86%
M Atlético Madrid Yannick Carrasco
86%
G RC Strasbourg Matz Sels
84%
D Tottenham Hotspur Toby Alderweireld
82%
A Crystal Palace Christian Benteke
75%
D Leicester Timothy Castagne
72%
A Brighton Leandro Trossard
70%
D Hertha Berlin Dedrick Boyata
68%
M Wolverhampton Leander Dendoncker
67%
M Club Bruges Hans Vanaken
66%
A Crystal Palace Michy Batshuayi
65%
S / Roberto Martinez
64%
D Vissel Kobe Thomas Vermaelen
61%
M Leicester Dennis Praet
49%
M Istanbul Basaksehir Nacer Chadli
48%
Aucun quiz correspondant
Distribution des résultats
% des personnes avec chaque résultat
Percentile par nombre de réponses
Votre historique - résultats
Vous n’avez pas pris ce quiz